| 000 | 02068cam a22004457a 4500 | ||
|---|---|---|---|
| 003 | CHAP | ||
| 005 | 20220329133653.0 | ||
| 008 | 971013s1993 r 00010 d | ||
| 010 | _a9297 | ||
| 011 | _a10269 | ||
| 035 | _a9506 | ||
| 040 | _cCHAP | ||
| 082 |
_a630.83 _bM49c 1991 Camp. |
||
| 110 |
_aInstituto Nacional de Estadística, Geografía e Informática. México _959304 |
||
| 245 | 0 | _aCenso agropecuario, 1991 (7) : Campeche resultados definitivos | |
| 260 |
_aAguascalientes, Ags. : _bINEGI, _c1993- |
||
| 300 | _av. | ||
| 500 | _aLa biblioteca tiene: v.1 Censo ejidal. -- v.2 Censo agropecuario. -- v.3 Censo agrícola-ganadero | ||
| 590 |
_aBATCH-UPD _b10 _c20130110 _lUCH01 _h1655 |
||
| 590 |
_aBATCH-UPD _b10 _c20130410 _lUCH01 _h1044 |
||
| 590 |
_aBATCH-UPD _b10 _c20130914 _lUCH01 _h0707 |
||
| 590 |
_aCONVERSION _b10 _c20130109 _lUCH01 _h1306 |
||
| 650 | 1 | 4 |
_aAgricultura _xEstadisticas _zCampeche. _91447 |
| 650 | 1 | 4 |
_aBosques _xCampeche. _914101 |
| 650 | 1 | 4 |
_aEjidos _xCampeche. _936007 |
| 650 | 1 | 4 |
_aGanadería _xEstadísticas _zCampeche. _944706 |
| 650 | 1 | 4 |
_aMaquinaria agrícola _xEstadísticas. _971170 |
| 650 | 1 | 4 |
_aProductos agrícolas _xEstadísticas. _991939 |
| 650 | 1 | 4 |
_aProductos pecuarios _xEstadísticas. _992167 |
| 901 | _aBK | ||
| 942 | _cLIBRO | ||
| 949 |
_a630.83 M49c 1991 Camp. _bBC _cINEGI _d33724000537189 _eINEGI _fv.2 c.2 _h87362 _i9506 _si |
||
| 949 |
_a630.83 M49c 1991 Camp. _bBC _cINEGI _d33724000538070 _eINEGI _fv.3 c.2 _h87364 _i9506 _si |
||
| 949 |
_a630.83 M49c 1991 Camp. _bBC _cINEGI _d33724000558599 _eINEGI _fv.1 c.2 _gI. c/e _h85739 _i9506 _sb |
||
| 949 |
_a630.83 M49c 1991 Camp. _bBC _cINEGI _d33724000559092 _eINEGI _fv.3 _h87363 _i9506 _si |
||
| 949 |
_a630.83 M49c 1991 Camp. _bBC _cINEGI _d33724000559183 _eINEGI _fv.1 _gI. c/e _h85738 _i9506 _si |
||
| 949 |
_a630.83 M49c 1991 Camp. _bBC _cINEGI _d33724000559357 _eINEGI _fv.3 c.3 _h87365 _i9506 _si |
||
| 949 |
_a630.83 M49c 1991 Camp. _bBC _cINEGI _d33724000559696 _eINEGI _fv.1 c.3 _gI. c/e _h85740 _i9506 _sb |
||
| 949 |
_a630.83 M49c 1991 Camp. _bBC _cINEGI _d33724000807210 _eINEGI _fv.2 _h87361 _i9506 _sb |
||
| 999 |
_c9297 _d9297 |
||